000 01055nam a22002657a 4500
999 _c119
_d119
003 AR-CdUCM
008 190221b ||||| |||| 00| 0 spa d
040 _aMUNICIPALIDAD PROVINCIAL DEL CUSCO
_cBIBLIOTECA MUNICIPAL DEL CUSCO
082 _a868.6 /
_bM26
245 _a5 ensayos sobre don Juan /
_c Gregorio Marañón
260 _aSantiago de Chile :
_bEdiciones Nueva Epoca,
300 _a187 páginas ;
_c17.5 cm.
500 _aPrólogo de Américo Castro
505 _aContenido: Don Juan en la Literatura española [Castro] -- Notas para la biología de Don Juan [Marañón] -- Don Juan o el poder [Maeztu]-- Wether y Don Juan [Ingenieros] -- Don Juan [Azorín] -- Don Juan [Perez de Ayala].
650 _aDon Juan
_9575
650 _aLiteratura española
_9362
650 _aEnsayos españoles
_9576
650 _aPersonaje literario
_9577
700 _aDe Maeztu, Ramiro
_9578
700 _aIngenieros, José
_9579
700 _aAzorín
_9580
700 _aPerez de Ayala, Ramón
_9581
942 _2ddc
_cLIBROS
945 _alccs
_d2019-02-21